مضا مین سکند ر حمید حصہ ہفتم / (Record no. 149201)

MARC details
000 -LEADER
fixed length control field 00791nam a22001937a 4500
005 - DATE AND TIME OF LATEST TRANSACTION
control field 20230712144526.0
010 ## - LCCN (DPL NO)
LC control number UR-10018
020 ## - INTERNATIONAL STANDARD BOOK NUMBER
Terms of availability 150.00
International Standard Book Number -
035 ## - SYSTEM CONTROL NUMBER
System control number U-8573
037 ## - SOURCE OF ACQUISITION
Source of stock number/acquisition DBAD/PUB
082 ## - DEWEY DECIMAL CLASSIFICATION NUMBER
Classification number 844.08
100 ## - MAIN ENTRY--PERSONAL NAME
Personal name محمد عبا س ا نصا ر ی سکند ر
245 ## - TITLE STATEMENT
Title مضا مین سکند ر حمید حصہ ہفتم /
Statement of responsibility, etc محمد عبا س ا نصا ر ی سکند ر
246 ## - VARYING FORM OF TITLE
Remainder of title Mazameen Sikender Hamid(Vol.7) /
Title proper/short title by Mohd. Abbas Ansari Sikender
260 ## - PUBLICATION, DISTRIBUTION, ETC. (IMPRINT)
Place of publication, distribution, etc Hyderabad
Name of publisher, distributor, etc Atiyab Publishing House
Date of publication, distribution, etc 2016
270 ## - ADDRESS
Address 3-4-213.Kachi GorahStation Road,
City Hyderabad
Postal code 500027
Telephone number 9949204759
Fax number -
300 ## - PHYSICAL DESCRIPTION
Extent 155 ص
Dimensions 22cm(Hb)
942 ## - ADDED ENTRY ELEMENTS (KOHA)
Source of classification or shelving scheme Dewey Decimal Classification
Item type Urdu Bks
Classification part 844.08
Call number suffix ع ب ا
Holdings
Withdrawn status Lost status Not for loan Collection code Home library Current library Date acquired Source of acquisition Cost, normal purchase price Full call number Barcode Copy number Cost, replacement price Koha item type
      Non-fiction Ashok Vihar Ashok Vihar 13/01/2018 DBAD/PUB. 150.00 844.08 ع ب ا U-8573 1 150.00 Urdu Bks

© Delhi Public Library
Hit Counter
free hit counter